Eastern Utah Libraries Catalog: Duchesne, Heber, Roosevelt, & Vernal

Life cycles : (Record no. 357157)

MARC details
000 -LEADER
fixed length control field 01607nam a2200361 i 4500
001 - CONTROL NUMBER
control field BK0026158112
005 - DATE AND TIME OF LATEST TRANSACTION
control field 20210609135516.0
008 - FIXED-LENGTH DATA ELEMENTS--GENERAL INFORMATION
fixed length control field 200922s2020 nyua b 001 0 eng d
010 ## - LIBRARY OF CONGRESS CONTROL NUMBER
LC control number bl2020046572
020 ## - INTERNATIONAL STANDARD BOOK NUMBER
International Standard Book Number 9781465497444 : HRD
Terms of availability 19.99
020 ## - INTERNATIONAL STANDARD BOOK NUMBER
International Standard Book Number 1465497447 : HRD
Terms of availability 19.99
037 ## - SOURCE OF ACQUISITION
Source of stock number/acquisition Dk Pub, C/O Penguin Random House 405 Murray Hill Pkwy, East Rutherford, NJ, USA, 07073-2136, (646)6744059
Note SAN 201-3975
040 ## - CATALOGING SOURCE
Original cataloging agency NjBwBT
Language of cataloging eng
Transcribing agency NjBwBT
Description conventions rda
050 14 - LIBRARY OF CONGRESS CALL NUMBER
Classification number QH491
Item number .L54 2020
082 04 - DEWEY DECIMAL CLASSIFICATION NUMBER
Classification number 571.8
Edition number 23
092 ## - LOCALLY ASSIGNED DEWEY CALL NUMBER (OCLC)
Classification number 571.8000
100 ## - MAIN ENTRY--PERSONAL NAME
Personal name Dorling Kindersley, Inc. (COR)/ Falconer, Sam (ILT)
9 (RLIN) 6420320
245 00 - TITLE STATEMENT
Title Life cycles :
Remainder of title everything from start to finish /
Statement of responsibility, etc illustrated by Sam Falconer.
250 ## - EDITION STATEMENT
Edition statement First American edition.
264 #1 - Production, Publication, Distribution, Manufacture, and Copyright Notice.
Place of production, publication, distribution, manufacture New York, New York :
Name of producer, publisher, distributor, manufacturer DK Publishing,
Date of production, publication, distribution, manufacture, or copyr 2020.
300 ## - PHYSICAL DESCRIPTION
Extent 144 pages :
Other physical details color illustrations ;
Dimensions 29 cm
336 ## - Content Type
Content type term text
336 ## - Content Type
Content type term still image
337 ## - Media type
Media type term unmediated
338 ## - Carrier type
Carrier type term volume
500 ## - GENERAL NOTE
General note Includes index.
520 ## - SUMMARY, ETC.
Summary, etc An introduction to the planet's life cycles reveals how all things in the universe are intricately linked and includes coverage of everything from the Earth's formation and the dinosaur era to the impact of water and weather on land masses and the climatechange that is complicating life today.
650 #0 - SUBJECT ADDED ENTRY--TOPICAL TERM
Topical term or geographic name as entry element Life cycles (Biology)
Form subdivision Juvenile literature.
9 (RLIN) 6358825
655 #7 - INDEX TERM--GENRE/FORM
Genre/form data or focus term Picture books.
Source of term lcgft
650 #1 - SUBJECT ADDED ENTRY--TOPICAL TERM
Topical term or geographic name as entry element Life cycles (Biology)
700 1# - ADDED ENTRY--PERSONAL NAME
Personal name Falconer, Sam,
Relator term illustrator.
9 (RLIN) 6396080
710 2# - ADDED ENTRY--CORPORATE NAME
Corporate name or jurisdiction name as entry element DK Publishing, Inc.,
Relator term editor.
9 (RLIN) 43365
Holdings
Withdrawn status Lost status Source of classification or shelving scheme Damaged status Not for loan Collection code Home library Current library Shelving location Date acquired Source of acquisition Total Checkouts Total Renewals Full call number Barcode Date last seen Date checked out Cost, replacement price Price effective from Koha item type
    Dewey Decimal Classification     Junior NonFiction Wasatch County Library Wasatch County Library Second Floor 04/29/2025   3 4 J 571 Greenwood 34301002154039 03/11/2026 03/02/2026 21.99 04/29/2025 BOOK
This project was made possible through a grant from the Institute of Museum and Library Service administered by the Utah State Library Division.

Wasatch County Library

  • 465 East 1200 South, Heber City, Utah 84032
  • Phone 435-654-1511 | Fax 435-654-6456

Hours

  • Monday - Friday 9:30 AM - 8:00 PM
  • Saturday 9:30 AM - 1:30 PM
  • Closed Sundays and Holidays